[Event "XXIV Corsicoscacchi Magistrale"]
[Site "Corsico ITA"]
[Date "2002.04.??"]
[Round "2"]
[White "Sartorio, Diego"]
[Black "Kidane, Robel"]
[Result "1/2-1/2"]
[WhiteElo "2050"]
[BlackElo "1758"]
[PlyCount "24"]
[EventDate "2002.04.25"]

1. e4 c5 2. c3 d5 3. exd5 Qxd5 4. d4 Nc6 5. Nf3 Bg4 6. Be2 Nf6 7. h3 Bh5 8. Be3
e6 9. O-O Be7 10. c4 Qd7 11. dxc5 Qxd1 12. Rxd1 Ne4 1/2-1/2

[Event "XXIV Corsicoscacchi Magistrale"]
[Site "Corsico ITA"]
[Date "2002.04.??"]
[Round "2"]
[White "Sbarra, Marco"]
[Black "Mazzariol, Oscar"]
[Result "0-1"]
[WhiteElo "2240"]
[BlackElo "1906"]
[PlyCount "126"]
[EventDate "2002.04.25"]

1. e4 c5 2. Nf3 Nc6 3. Bb5 e6 4. Bxc6 bxc6 5. O-O d5 6. d3 Nf6 7. Nc3 Be7 8.
Ne5 Qc7 9. f4 O-O 10. b3 Ba6 11. Re1 Rfd8 12. Qf3 c4 13. dxc4 Bc5+ 14. Kh1 Bd4
15. Bb2 Nxe4 16. Na4 Bxb2 17. Nxb2 Rab8 18. Qe3 Rf8 19. Na4 f6 20. Nf3 Rf7 21.
Nc5 Nxc5 22. Qxc5 Re8 23. Nd4 Bc8 24. b4 Qxf4 25. cxd5 cxd5 26. Nb5 Rd7 27.
Nxa7 Rc7 28. Nc6 Bd7 29. b5 Rec8 30. Rab1 Bxc6 31. bxc6 Rxc6 32. Qe7 Qg4 33. h3
Qg6 34. Qd7 Qf7 35. Rb7 Qxd7 36. Rxd7 e5 37. Rb1 R6c7 38. Rxd5 Rxc2 39. Rb7
R2c7 40. Rb4 Ra7 41. Rd2 Rc1+ 42. Kh2 Ra1 43. Rbb2 Kf7 44. Kg3 f5 45. Rb5 Re7
46. Ra5 g5 47. h4 h6 48. hxg5 hxg5 49. Rdd5 Kf6 50. Rd6+ Re6 51. Rxe6+ Kxe6 52.
Ra6+ Kd5 53. Ra5+ Ke4 54. Ra4+ Ke3 55. Ra3+ Ke2 56. Ra5 f4+ 57. Kg4 e4 58. Kxg5
f3 59. gxf3 exf3 60. Re5+ Kf1 61. Kf4 f2 62. Kf3 Rxa2 63. Kf4 Re2 0-1

[Event "XXIV Corsicoscacchi Magistrale"]
[Site "Corsico ITA"]
[Date "2002.04.??"]
[Round "2"]
[White "Stefanetti, Marco"]
[Black "Barlocco, Carlo"]
[Result "0-1"]
[WhiteElo "1873"]
[BlackElo "2129"]
[PlyCount "42"]
[EventDate "2002.04.25"]

1. d4 Nf6 2. Nf3 c5 3. e3 d5 4. c3 Qc7 5. Ne5 Nc6 6. f4 Bf5 7. Bd3 e6 8. h3 Be7
9. O-O O-O 10. Be2 Ne4 11. g4 Bg6 12. Nxg6 hxg6 13. Qe1 Qd8 14. g5 f6 15. h4
fxg5 16. hxg5 Bxg5 17. fxg5 Qxg5+ 18. Kh2 Rxf1 19. Qxf1 Rf8 20. Qh3 Rf2+ 21.
Kh1 Rxe2 0-1

[Event "XXIV Corsicoscacchi Magistrale"]
[Site "Corsico ITA"]
[Date "2002.04.??"]
[Round "3"]
[White "Astengo, Corrado"]
[Black "Damia, Angelo"]
[Result "1/2-1/2"]
[WhiteElo "2180"]
[BlackElo "1771"]
[PlyCount "54"]
[EventDate "2002.04.25"]

1. e4 c5 2. Nf3 a6 3. Nc3 d6 4. d4 cxd4 5. Nxd4 g6 6. Bc4 Bg7 7. a4 Nc6 8. Be3
Nf6 9. h3 Bd7 10. O-O O-O 11. Qd2 Rb8 12. Rfe1 Rc8 13. Bf1 Re8 14. Nxc6 Bxc6
15. a5 Qd7 16. Bd4 e5 17. Bb6 d5 18. exd5 Nxd5 19. Nxd5 Qxd5 20. Qxd5 Bxd5 21.
Red1 Be6 22. c3 Bf8 23. Be2 f5 24. Rd2 Bh6 25. Rd6 Bf8 26. Rd2 Bh6 27. Rd6 Bf8
1/2-1/2

[Event "XXIV Corsicoscacchi Magistrale"]
[Site "Corsico ITA"]
[Date "2002.04.??"]
[Round "3"]
[White "Barlocco, Carlo"]
[Black "Aglietti, Graziano"]
[Result "1-0"]
[WhiteElo "2129"]
[BlackElo "2078"]
[PlyCount "63"]
[EventDate "2002.04.25"]

1. e4 c5 2. Nc3 Nc6 3. f4 e6 4. Nf3 d5 5. Bb5 d4 6. Ne2 Nf6 7. Bxc6+ bxc6 8. d3
Be7 9. O-O O-O 10. Kh1 Qb6 11. b3 Rd8 12. Bd2 Re8 13. Qe1 Ba6 14. Ba5 Qb7 15.
h3 Bd8 16. Bd2 Bc7 17. g4 Qb8 18. Rg1 Qd8 19. Ng3 Bb7 20. g5 Nd7 21. e5 c4 22.
bxc4 c5 23. Ne4 Kh8 24. Rb1 Rb8 25. Kh2 f5 26. gxf6 gxf6 27. exf6 Bxe4 28. Rxb8
Qxb8 29. Qxe4 Nxf6 30. Ne5 Rf8 31. Qg2 Nh5 32. Qg8+ 1-0

[Event "XXIV Corsicoscacchi Magistrale"]
[Site "Corsico ITA"]
[Date "2002.04.??"]
[Round "3"]
[White "Bozzali, Ermanno"]
[Black "Sartorio, Diego"]
[Result "1-0"]
[WhiteElo "2120"]
[BlackElo "2050"]
[PlyCount "33"]
[EventDate "2002.04.25"]

1. e4 e6 2. d4 d5 3. Nc3 dxe4 4. Nxe4 Nd7 5. Nf3 Ngf6 6. Nxf6+ Nxf6 7. Bg5 a6
8. Bd3 c5 9. O-O cxd4 10. Nxd4 Be7 11. c3 Qc7 12. Re1 O-O 13. Qf3 Rb8 14. Rad1
Re8 15. Bf4 Bd6 16. Nb5 axb5 17. Bxd6 1-0

[Event "XXIV Corsicoscacchi Magistrale"]
[Site "Corsico ITA"]
[Date "2002.04.??"]
[Round "3"]
[White "Kidane, Robel"]
[Black "Podini, Francesco"]
[Result "0-1"]
[WhiteElo "1758"]
[BlackElo "2055"]
[PlyCount "82"]
[EventDate "2002.04.25"]

1. d4 Nf6 2. c4 c5 3. dxc5 Qa5+ 4. Nc3 Qxc5 5. e3 g6 6. Nf3 Bg7 7. a3 a5 8. Be2
d6 9. b3 O-O 10. Rb1 Bf5 11. Bd3 Bg4 12. h3 Bd7 13. Bb2 Bc6 14. O-O e5 15. e4
Nh5 16. Re1 Nd7 17. Bf1 Ndf6 18. Qd2 Nf4 19. Rbd1 Rad8 20. g3 N4h5 21. Kh2 Qb6
22. Qc2 Qc5 23. Bc1 h6 24. Be3 Qxa3 25. Bb6 Ra8 26. Na2 a4 27. b4 Qxf3 28. Re3
Bxe4 29. Rxf3 Bxc2 30. Rxd6 e4 31. Rc3 Ne8 32. Rd2 Bxc3 33. Rxc2 Bg7 34. Bc5
Nhf6 35. Bxf8 Bxf8 36. c5 Nc7 37. b5 Nfd5 38. c6 bxc6 39. bxc6 Ra7 40. Nc3 Nxc3
41. Rxc3 Bd6 0-1

[Event "XXIV Corsicoscacchi Magistrale"]
[Site "Corsico ITA"]
[Date "2002.04.??"]
[Round "3"]
[White "Luciani, Valerio"]
[Black "Bison, Beniamino"]
[Result "1/2-1/2"]
[WhiteElo "2153"]
[BlackElo "2167"]
[PlyCount "45"]
[EventDate "2002.04.25"]

1. d4 e6 2. e4 d5 3. Nc3 Nf6 4. e5 Nfd7 5. f4 c5 6. Nf3 Nc6 7. Be3 a6 8. Qd2 b5
9. dxc5 Bxc5 10. Bxc5 Nxc5 11. Bd3 Qb6 12. Qf2 Rb8 13. Ne2 Nb4 14. Nc1 Na4 15.
a3 Qxf2+ 16. Kxf2 Nc6 17. b3 Nc5 18. Re1 Bd7 19. Ne2 Ke7 20. Ned4 Rbc8 21. b4
Na4 22. Nb3 Rc7 23. Ke3 1/2-1/2

[Event "XXIV Corsicoscacchi Magistrale"]
[Site "Corsico ITA"]
[Date "2002.04.??"]
[Round "3"]
[White "Radice, Luca"]
[Black "Mazzini, Antonio"]
[Result "1/2-1/2"]
[WhiteElo "2054"]
[BlackElo "2134"]
[PlyCount "121"]
[EventDate "2002.04.25"]

1. d4 g6 2. c4 Bg7 3. Nc3 d6 4. e4 Nc6 5. Be3 e5 6. d5 Nce7 7. Bd3 f5 8. f3 Nf6
9. Nge2 c5 10. Qd2 a6 11. Rb1 fxe4 12. fxe4 O-O 13. O-O Kh8 14. b4 b6 15. h3
Bd7 16. Ng3 Neg8 17. Bc2 Qc7 18. bxc5 bxc5 19. Ba4 Rfb8 20. Bxd7 Qxd7 21. Qc2
Ne7 22. Rb3 Rxb3 23. Qxb3 Qc7 24. Rb1 Nd7 25. Qb7 Ra7 26. Qxc7 Rxc7 27. Nf1 Nc8
28. Na4 Bf6 29. Bd2 Kg7 30. Ba5 Ra7 31. Kf2 Kf7 32. Ke2 Ke8 33. Nd2 Bd8 34. Bc3
Ncb6 35. Nxb6 Nxb6 36. Kd3 Kd7 37. Nf3 Nc8 38. Rb3 Bf6 39. Ba5 Be7 40. Rb8 h6
41. Bd2 g5 42. Nh2 Kc7 43. Rb1 Rb7 44. Rxb7+ Kxb7 45. Ng4 Bf8 46. Nf6 Ne7 47.
Ba5 Kc8 48. Ke2 Ng6 49. g3 Be7 50. Nh5 Bf8 51. Kf3 Kd7 52. Kg4 Ke7 53. Kf5 Kf7
54. Bd8 Be7 55. Bc7 Bf8 56. Kg4 Be7 57. Kf3 Nf8 58. Kg4 Kg6 59. Ba5 Nd7 60. h4
Nf8 61. Bc7 1/2-1/2

[Event "XXIV Corsicoscacchi Magistrale"]
[Site "Corsico ITA"]
[Date "2002.04.??"]
[Round "3"]
[White "Rossi, Giampiero"]
[Black "Cereda, Loris"]
[Result "1/2-1/2"]
[WhiteElo "2065"]
[BlackElo "1962"]
[PlyCount "108"]
[EventDate "2002.04.25"]

1. d4 Nf6 2. c4 e6 3. Nc3 d5 4. cxd5 Nxd5 5. e4 Nxc3 6. bxc3 Be7 7. Be3 O-O 8.
Bd3 b6 9. Ne2 Bb7 10. O-O c5 11. f3 Nc6 12. Qa4 Ne5 13. Bc2 cxd4 14. cxd4 Ng6
15. Rac1 Bd6 16. Bb1 Qe7 17. Bd3 Rfc8 18. Rxc8+ Bxc8 19. e5 Bb4 20. Rb1 Ba5 21.
Be4 Bd7 22. Bc6 Rd8 23. Rc1 h6 24. Bxd7 Qxd7 25. Qxd7 Rxd7 26. Rc8+ Kh7 27. Kf2
Ne7 28. Rc2 Nd5 29. a3 Rc7 30. Rxc7 Nxc7 31. Bc1 Nd5 32. Bb2 b5 33. Nc1 Bc3 34.
Nd3 Bxb2 35. Nxb2 Nc3 36. g3 Kg6 37. Ke3 Nd5+ 38. Kd2 Kf5 39. Nd3 g5 40. h3 Kg6
41. Nf2 Nb6 42. Kc3 Nd5+ 43. Kd3 h5 44. g4 Nf4+ 45. Kc3 a5 46. gxh5+ Kxh5 47.
Ne4 Nxh3 48. Nd6 Ng1 49. Nxf7 Nxf3 50. Nd8 b4+ 51. axb4 axb4+ 52. Kxb4 Nxd4 53.
Kc4 Nf3 54. Nxe6 Nxe5+ 1/2-1/2

[Event "XXIV Corsicoscacchi Magistrale"]
[Site "Corsico ITA"]
[Date "2002.04.??"]
[Round "3"]
[White "Stefanetti, Marco"]
[Black "Bertazzo, Giorgio"]
[Result "1/2-1/2"]
[WhiteElo "1873"]
[BlackElo "2139"]
[PlyCount "68"]
[EventDate "2002.04.25"]

1. d4 Nf6 2. Nf3 c5 3. c3 e6 4. Bg5 d5 5. e3 Qb6 6. Qb3 Ne4 7. Qxb6 axb6 8. Bf4
c4 9. Nbd2 f5 10. Be2 b5 11. Bxb8 Rxb8 12. a3 Ra8 13. Rc1 Bd6 14. Ne5 Nxd2 15.
Kxd2 Bxe5 16. dxe5 Bd7 17. g4 Rf8 18. gxf5 Rxf5 19. f4 Ke7 20. h4 Rg8 21. Rcg1
Be8 22. Bg4 Rff8 23. Rg3 Bg6 24. Rhg1 Be4 25. Bh5 g6 26. Be2 Rg7 27. h5 Rfg8
28. Rg5 Kf8 29. h6 Rf7 30. Ra1 b6 31. Rgg1 Ra7 32. Ra2 Kf7 33. Rga1 Rga8 34.
Bd1 Ra5 1/2-1/2

[Event "XXIV Corsicoscacchi Magistrale"]
[Site "Corsico ITA"]
[Date "2002.04.??"]
[Round "3"]
[White "Ubezio, Marco"]
[Black "Bonazzi, Edoardo"]
[Result "1-0"]
[WhiteElo "2189"]
[BlackElo "2127"]
[PlyCount "87"]
[EventDate "2002.04.25"]

1. d4 d5 2. Bg5 h6 3. Bh4 c6 4. Nf3 Bf5 5. e3 Nd7 6. Bd3 Bxd3 7. Qxd3 Ngf6 8.
c4 e6 9. Nc3 Be7 10. O-O O-O 11. Rab1 a5 12. a3 Ra7 13. h3 Nh5 14. Bxe7 Qxe7
15. e4 dxe4 16. Qxe4 Nhf6 17. Qe3 Raa8 18. Rfe1 Rfe8 19. b4 axb4 20. axb4 Qf8
21. Ne5 Ra3 22. Qc1 Rea8 23. c5 Nxe5 24. dxe5 Nd5 25. Ne4 Qe7 26. b5 Qc7 27.
Nd6 Rc3 28. Qd1 Rxc5 29. bxc6 Qxc6 30. Rxb7 Rf8 31. Qg4 Nc3 32. Qf4 Nd5 33. Qf3
Nc7 34. Qxc6 Rxc6 35. Reb1 Ne8 36. Rd7 Rc7 37. Rd8 Nxd6 38. exd6 Rc8 39. Rd7
Rfd8 40. Rc7 Kf8 41. Rbb7 Kg8 42. Rxf7 Rxd6 43. Rxg7+ Kf8 44. Rh7 1-0

[Event "XXIV Corsicoscacchi Magistrale"]
[Site "Corsico ITA"]
[Date "2002.04.??"]
[Round "3"]
[White "Zanetti, Alberto"]
[Black "Sbarra, Marco"]
[Result "1/2-1/2"]
[WhiteElo "2007"]
[BlackElo "2240"]
[PlyCount "51"]
[EventDate "2002.04.25"]

1. d4 d5 2. Nf3 Nf6 3. e3 Bf5 4. c4 c6 5. Nc3 e6 6. Nh4 Bg6 7. Qb3 Qb6 8. Nxg6
hxg6 9. Bd2 Nbd7 10. Rc1 Qxb3 11. axb3 Bb4 12. Be2 O-O 13. O-O a6 14. Rfd1 Rad8
15. Bf3 Rfe8 16. g3 Nb6 17. Na4 Bxd2 18. Rxd2 Nbd7 19. Rcd1 g5 20. h3 g6 21.
Nc3 Nb6 22. Na4 Nfd7 23. Nxb6 Nxb6 24. Rc2 f5 25. Kg2 Kg7 26. Kg1 1/2-1/2

[Event "XXIV Corsicoscacchi Magistrale"]
[Site "Corsico ITA"]
[Date "2002.04.??"]
[Round "4"]
[White "Astengo, Corrado"]
[Black "Radice, Luca"]
[Result "1/2-1/2"]
[WhiteElo "2180"]
[BlackElo "2054"]
[PlyCount "35"]
[EventDate "2002.04.25"]

1. e4 e6 2. d4 d5 3. Nc3 Bb4 4. e5 c5 5. Bd2 cxd4 6. Nb5 Bf8 7. Nxd4 Ne7 8. f4
Nbc6 9. Ngf3 Nxd4 10. Nxd4 Nc6 11. c3 Qb6 12. Be3 Qxb2 13. Nb5 Rb8 14. Rb1 Qxa2
15. Ra1 Qb2 16. Rb1 Qa2 17. Ra1 Qb2 18. Rb1 1/2-1/2

[Event "XXIV Corsicoscacchi Magistrale"]
[Site "Corsico ITA"]
[Date "2002.04.??"]
[Round "4"]
[White "Barberi, Alessandro"]
[Black "Barlocco, Carlo"]
[Result "1/2-1/2"]
[WhiteElo "2089"]
[BlackElo "2129"]
[PlyCount "115"]
[EventDate "2002.04.25"]

1. d4 d5 2. Nf3 Bf5 3. c4 e6 4. Nc3 Nf6 5. Qb3 Nc6 6. a3 dxc4 7. Qxc4 Bg4 8. e3
Bxf3 9. gxf3 Be7 10. b4 O-O 11. Bb2 Nd5 12. Be2 Bh4 13. Nxd5 exd5 14. Qd3 Re8
15. Rg1 Qe7 16. Kf1 Rad8 17. Bc3 a6 18. Rg2 Rd6 19. Kg1 Re6 20. Bd2 Rg6 21. Bf1
Qf6 22. Rxg6 hxg6 23. Bg2 Ne7 24. b5 Ra8 25. Rc1 Qb6 26. Rc5 axb5 27. Rxb5 Rxa3
28. Qxa3 Qxb5 29. Bf1 Qb1 30. Qc3 Qd1 31. Kg2 Nf5 32. Bd3 Bf6 33. Bxf5 gxf5 34.
Bc1 c6 35. Ba3 f4 36. Qc5 fxe3 37. Qf8+ Kh7 38. Qxf7 Kh6 39. fxe3 Qe2+ 40. Kg3
Qxe3 41. Bd6 Qg1+ 42. Kh3 Qxd4 43. Qxb7 Qh4+ 44. Kg2 Qg5+ 45. Kh3 c5 46. Qb8
Qf5+ 47. Kg2 Kh7 48. Bxc5 d4 49. Qd6 Be5 50. Qd5 Qc2+ 51. Kf1 Qd3+ 52. Ke1 Qe3+
53. Kf1 Kh6 54. Qe6+ Kh7 55. Qh3+ Kg6 56. Qe6+ Kh5 57. Qf5+ Kh6 58. Qe6+
1/2-1/2

[Event "XXIV Corsicoscacchi Magistrale"]
[Site "Corsico ITA"]
[Date "2002.04.??"]
[Round "4"]
[White "Bertazzo, Giorgio"]
[Black "Aglietti, Graziano"]
[Result "1/2-1/2"]
[WhiteElo "2139"]
[BlackElo "2078"]
[PlyCount "66"]
[EventDate "2002.04.25"]

1. e4 e6 2. d4 d5 3. Nc3 Bb4 4. e5 c5 5. Bd2 cxd4 6. Nb5 Bf8 7. Nxd4 Ne7 8. f4
Nbc6 9. Ngf3 Nxd4 10. Nxd4 Qb6 11. c3 Bd7 12. Qb3 Qc7 13. Bd3 Nc6 14. Be3 Na5
15. Qc2 Nc4 16. Bxc4 Qxc4 17. Qe2 Rc8 18. O-O Qxe2 19. Nxe2 Bb5 20. Rf2 Bxe2
21. Rxe2 a6 22. Bd4 Be7 23. Rf2 g6 24. g3 h5 25. h3 Kd7 26. Kg2 b5 27. a3 Rc4
28. Rd2 Rhc8 29. Rdd1 a5 30. Kf3 a4 31. h4 Rh8 32. Rd2 Rhc8 33. Rad1 Rh8
1/2-1/2

[Event "XXIV Corsicoscacchi Magistrale"]
[Site "Corsico ITA"]
[Date "2002.04.??"]
[Round "4"]
[White "Bison, Beniamino"]
[Black "Mazzariol, Oscar"]
[Result "0-1"]
[WhiteElo "2167"]
[BlackElo "1906"]
[PlyCount "116"]
[EventDate "2002.04.25"]

1. d4 Nf6 2. c4 e6 3. Nf3 c5 4. d5 d6 5. Nc3 e5 6. e4 Be7 7. g3 O-O 8. Bg2 a6
9. a4 b6 10. O-O Ne8 11. Ne1 f5 12. Nd3 g6 13. Bh6 Rf7 14. f4 Bf6 15. Qd2 Raa7
16. Rae1 Rae7 17. Kh1 Ng7 18. Re2 Re8 19. Rfe1 Nd7 20. fxe5 Nxe5 21. Nxe5 Bxe5
22. Bg5 Qc7 23. Rf1 Ref8 24. Ref2 Nh5 25. Rf3 fxe4 26. Nxe4 Bg4 27. R3f2 Qd7
28. Bh6 Rxf2 29. Nxf2 Rf5 30. Qd3 Nxg3+ 31. hxg3 Rh5+ 32. Kg1 Rxh6 33. b3 Bd4
34. Qe4 Rh5 35. Bf3 Bxf3 36. Qxf3 Rf5 37. Qe2 Qf7 38. Kg2 Rxf2+ 39. Rxf2 Qxf2+
40. Qxf2 Bxf2 41. Kxf2 a5 42. Kf3 Kf7 43. Kf4 Kf6 44. g4 h6 45. g5+ hxg5+ 46.
Kg4 Kg7 47. Kxg5 Kf7 48. Kg4 Kf6 49. Kf4 g5+ 50. Ke4 Kg6 51. Kf3 Kf5 52. Kg3 g4
53. Kg2 Kf4 54. Kf2 g3+ 55. Kg2 Kg4 56. Kg1 Kf3 57. Kf1 g2+ 58. Kg1 Kg3 0-1

[Event "XXIV Corsicoscacchi Magistrale"]
[Site "Corsico ITA"]
[Date "2002.04.??"]
[Round "4"]
[White "Bonazzi, Edoardo"]
[Black "Rossi, Giampiero"]
[Result "1-0"]
[WhiteElo "2127"]
[BlackElo "2065"]
[PlyCount "43"]
[EventDate "2002.04.25"]

1. c4 e6 2. Nc3 d5 3. d4 Nf6 4. cxd5 exd5 5. Qc2 c6 6. Bg5 Be7 7. e3 Nbd7 8.
Bd3 O-O 9. Nge2 Re8 10. O-O Nf8 11. f3 Nh5 12. Bxe7 Qxe7 13. e4 dxe4 14. fxe4
Qg5 15. Rf2 Be6 16. Raf1 Re7 17. d5 cxd5 18. exd5 Bg4 19. d6 Rd7 20. Bb5 Bxe2
21. Qxe2 Rxd6 22. Ne4 1-0

[Event "XXIV Corsicoscacchi Magistrale"]
[Site "Corsico ITA"]
[Date "2002.04.??"]
[Round "4"]
[White "Cereda, Loris"]
[Black "Kidane, Robel"]
[Result "1/2-1/2"]
[WhiteElo "1962"]
[BlackElo "1758"]
[PlyCount "48"]
[EventDate "2002.04.25"]

1. e4 c5 2. Nc3 d6 3. f4 Nc6 4. Bc4 Nf6 5. Nf3 g6 6. d3 Bg7 7. O-O e6 8. Qe1
O-O 9. f5 exf5 10. Qh4 fxe4 11. Ng5 h5 12. Nxf7 Rxf7 13. Bxf7+ Kxf7 14. Bg5
exd3 15. Nd5 Bf5 16. h3 Ne5 17. cxd3 Qh8 18. Ne3 Bxd3 19. Rf2 b5 20. Rd1 c4 21.
Nd5 Bf5 22. Ne3 Bd3 23. Nd5 Bf5 24. Ne3 Bd3 1/2-1/2

[Event "XXIV Corsicoscacchi Magistrale"]
[Site "Corsico ITA"]
[Date "2002.04.??"]
[Round "4"]
[White "Luciani, Valerio"]
[Black "Ubezio, Marco"]
[Result "1/2-1/2"]
[WhiteElo "2153"]
[BlackElo "2189"]
[PlyCount "131"]
[EventDate "2002.04.25"]

1. d4 Nf6 2. c4 e5 3. dxe5 Ng4 4. e4 Nxe5 5. f4 Ng6 6. Be3 Bb4+ 7. Nd2 Qe7 8.
Bd3 Qd6 9. Qe2 Nxf4 10. Bxf4 Qxf4 11. Ngf3 Nc6 12. O-O-O d6 13. e5 Nxe5 14.
Nxe5 Qxe5 15. Qf3 O-O 16. Ne4 Qf5 17. Qxf5 Bxf5 18. Nf6+ gxf6 19. Bxf5 Rfe8 20.
Bd3 Re5 21. Rhf1 Kg7 22. Rf3 Rae8 23. Rdf1 Re3 24. Kc2 R8e6 25. Rxe3 Rxe3 26.
Rf2 Bc5 27. Re2 Re5 28. Be4 f5 29. Bf3 c6 30. Kd3 Kf6 31. Kd2 Bg1 32. h3 Bc5
33. Kd3 Kg5 34. Kd2 h5 35. Kd3 h4 36. Kd2 Kf4 37. Kd3 Kg3 38. Kd2 f4 39. Kd3
Re3+ 40. Rxe3 fxe3 41. Ke2 Kf4 42. Kd3 Ke5 43. Be2 d5 44. cxd5 Kxd5 45. Bf3+
Ke5 46. Kc4 Bd4 47. b3 a5 48. Kd3 Ba7 49. a4 Kf4 50. Ke2 Kg3 51. Kf1 f5 52. Ke2
Kf4 53. Kd3 Ke5 54. Kc4 Kd6 55. Be2 Bc5 56. Bf3 Bb4 57. Be2 b5+ 58. Kd3 Bd2 59.
Bh5 Kc5 60. Be8 Bc1 61. Bd7 f4 62. Be8 bxa4 63. bxa4 Kd5 64. Bf7+ Ke5 65. Bh5
c5 66. Bf3 1/2-1/2

[Event "XXIV Corsicoscacchi Magistrale"]
[Site "Corsico ITA"]
[Date "2002.04.??"]
[Round "4"]
[White "Mazzini, Antonio"]
[Black "Stefanetti, Marco"]
[Result "1-0"]
[WhiteElo "2134"]
[BlackElo "1873"]
[PlyCount "61"]
[EventDate "2002.04.25"]

1. d4 Nf6 2. Nf3 e6 3. g3 c5 4. Bg2 Nc6 5. c4 cxd4 6. Nxd4 Bb4+ 7. Nc3 Qb6 8.
Ndb5 a6 9. Be3 Qa5 10. Nd6+ Ke7 11. Nxc8+ Raxc8 12. O-O Ne5 13. Bd4 Nxc4 14. a3
Nxb2 15. axb4 Nxd1 16. bxa5 Nxc3 17. Bxc3 Rxc3 18. Bxb7 Rb8 19. Bxa6 Ra8 20.
Bd3 Rc5 21. a6 Ne8 22. Rfb1 Ra7 23. Rb7 Rc7 24. Rab1 Nd6 25. Rxc7 Rxc7 26. f4
Kd8 27. e4 Ra7 28. e5 Nc8 29. Rb7 g6 30. Bb5 Ke7 31. Bxd7 1-0

[Event "XXIV Corsicoscacchi Magistrale"]
[Site "Corsico ITA"]
[Date "2002.04.??"]
[Round "4"]
[White "Podini, Francesco"]
[Black "Zanetti, Alberto"]
[Result "0-1"]
[WhiteElo "2055"]
[BlackElo "2007"]
[PlyCount "82"]
[EventDate "2002.04.25"]

1. e4 g6 2. d4 Bg7 3. Nc3 c6 4. Be3 d5 5. Qd2 h5 6. f3 Nf6 7. h3 h4 8. Bd3 Na6
9. Nge2 Nb4 10. Bg5 b5 11. O-O a5 12. e5 Ng8 13. Nf4 Nxd3 14. Nxd3 Bh6 15. f4
Bxg5 16. fxg5 Bf5 17. Ne1 e6 18. Nf3 Ne7 19. Qf2 Nc8 20. Nd1 Ra7 21. Ne3 Nb6
22. b3 a4 23. Qd2 a3 24. Nxf5 gxf5 25. Qc3 Qc7 26. Rac1 Nd7 27. Qb4 c5 28. Qxb5
O-O 29. c3 c4 30. Qb4 Rb8 31. Qe7 Nxe5 32. Qxc7 Nxf3+ 33. Rxf3 Rxc7 34. b4 Kg7
35. Rf4 Rh8 36. g4 hxg3 37. h4 f6 38. Re1 fxg5 39. hxg5 Kg6 40. Rxe6+ Kxg5 41.
Rf3 f4 0-1

[Event "XXIV Corsicoscacchi Magistrale"]
[Site "Corsico ITA"]
[Date "2002.04.??"]
[Round "4"]
[White "Sbarra, Marco"]
[Black "Sartorio, Diego"]
[Result "1/2-1/2"]
[WhiteElo "2240"]
[BlackElo "2050"]
[PlyCount "72"]
[EventDate "2002.04.25"]

1. e4 e6 2. d4 d5 3. Nc3 dxe4 4. Nxe4 Nd7 5. Nf3 Ngf6 6. Nxf6+ Nxf6 7. Bd3 c5
8. dxc5 Bxc5 9. O-O O-O 10. Bg5 b6 11. Qe2 Bb7 12. Rad1 Qc7 13. Bxf6 gxf6 14.
Be4 Bxe4 15. Qxe4 Rad8 16. Qa4 Rxd1 17. Rxd1 Rd8 18. c3 Rxd1+ 19. Qxd1 Qd6 20.
Qxd6 Bxd6 21. Kf1 f5 22. Ke2 Kg7 23. Kd3 Kf6 24. h3 h5 25. a4 e5 26. Nd2 Ke6
27. b4 f6 28. f3 f4 29. Kc4 a6 30. Nb3 f5 31. Nd2 Be7 32. b5 a5 33. Nb3 h4 34.
Nd2 Bc5 35. Nb3 Be7 36. Nd2 Bc5 1/2-1/2

[Event "XXIV Corsicoscacchi Magistrale"]
[Site "Corsico ITA"]
[Date "2002.04.??"]
[Round "5"]
[White "Aglietti, Graziano"]
[Black "Bison, Beniamino"]
[Result "0-1"]
[WhiteElo "2078"]
[BlackElo "2167"]
[PlyCount "136"]
[EventDate "2002.04.25"]

1. e4 e6 2. d4 d5 3. Nc3 Nf6 4. Bg5 Be7 5. e5 Nfd7 6. Bxe7 Qxe7 7. f4 a6 8. Nf3
c5 9. dxc5 Nc6 10. Na4 Nxc5 11. Nxc5 Qxc5 12. Qd2 b5 13. c3 O-O 14. Nd4 f6 15.
exf6 Rxf6 16. Nxc6 Qxc6 17. Qd4 a5 18. Bd3 Rb8 19. O-O Qb6 20. Qxb6 Rxb6 21. a3
Bd7 22. Rf2 Be8 23. g3 Bg6 24. Bxg6 hxg6 25. Re2 Rf8 26. Rae1 Kf7 27. Re3 b4
28. axb4 axb4 29. cxb4 Re8 30. Rc1 Rxb4 31. Re2 Rb6 32. Rc7+ Re7 33. Rxe7+ Kxe7
34. Kg2 Kf6 35. Kf3 g5 36. Kg4 gxf4 37. gxf4 Rb3 38. h4 Rd3 39. Rc2 Rb3 40. Re2
Rd3 41. Rc2 Rb3 42. Re2 g6 43. Rc2 Re3 44. Rc3 Re1 45. b3 Re4 46. Rd3 Rb4 47.
Re3 Rd4 48. Kg3 Rd1 49. Kg4 Rg1+ 50. Rg3 Re1 51. Rg2 Re4 52. Kf3 Rb4 53. Rb2
Kf5 54. Rb1 Rxf4+ 55. Kg3 Rg4+ 56. Kh3 Rb4 57. Kg3 e5 58. Kf3 d4 59. Rb2 e4+
60. Kg3 d3 61. Rb1 Ke5 62. Kg4 Kd4 63. Kg5 Rb6 64. Kf4 d2 65. b4 e3 66. Kf3
Rf6+ 67. Ke2 Rf2+ 68. Kd1 Rf1+ 0-1

[Event "XXIV Corsicoscacchi Magistrale"]
[Site "Corsico ITA"]
[Date "2002.04.??"]
[Round "5"]
[White "Barberi, Alessandro"]
[Black "Luciani, Valerio"]
[Result "1-0"]
[WhiteElo "2089"]
[BlackElo "2153"]
[PlyCount "31"]
[EventDate "2002.04.25"]

1. d4 e6 2. Bf4 f5 3. Nc3 Nf6 4. e4 fxe4 5. f3 exf3 6. Nxf3 Bb4 7. Bd3 b6 8.
O-O Bxc3 9. bxc3 Bb7 10. Bg5 O-O 11. Ne5 d6 12. Bxf6 Rxf6 13. Qh5 dxe5 14.
Qxh7+ Kf8 15. Qh8+ Kf7 16. Qxd8 1-0

[Event "XXIV Corsicoscacchi Magistrale"]
[Site "Corsico ITA"]
[Date "2002.04.??"]
[Round "5"]
[White "Barlocco, Carlo"]
[Black "Mazzariol, Oscar"]
[Result "1-0"]
[WhiteElo "2129"]
[BlackElo "1906"]
[PlyCount "49"]
[EventDate "2002.04.25"]

1. e4 c5 2. Nc3 Nc6 3. f4 e6 4. Nf3 a6 5. Be2 Qc7 6. d3 d6 7. O-O Nf6 8. Kh1
Be7 9. Qe1 O-O 10. Rg1 Nd4 11. Bd1 Nd7 12. Be3 Bf6 13. g4 g6 14. g5 Bh8 15. Rg3
f5 16. gxf6 Nxf6 17. Nxd4 cxd4 18. Bxd4 Nxe4 19. Qxe4 Bd7 20. Rxg6+ Kf7 21. Rg2
Bxd4 22. Qxd4 e5 23. Bh5+ Ke7 24. Nd5+ Kd8 25. fxe5 1-0

[Event "XXIV Corsicoscacchi Magistrale"]
[Site "Corsico ITA"]
[Date "2002.04.??"]
[Round "5"]
[White "Bozzali, Ermanno"]
[Black "Astengo, Corrado"]
[Result "1-0"]
[WhiteElo "2120"]
[BlackElo "2180"]
[PlyCount "71"]
[EventDate "2002.04.25"]

1. d4 d5 2. Nf3 Nf6 3. Bf4 Bf5 4. e3 e6 5. c4 c6 6. Nc3 Nbd7 7. Qb3 Qb6 8. c5
Qxb3 9. axb3 Nh5 10. b4 Nxf4 11. exf4 Be7 12. Kd2 Bf6 13. Be2 Bg4 14. Kd3 Kd8
15. h3 Bxf3 16. Bxf3 Kc7 17. b5 Rhb8 18. b4 a6 19. b6+ Kd8 20. h4 Ke7 21. g4 g6
22. g5 Bg7 23. h5 f6 24. h6 Bh8 25. Rhe1 f5 26. Ra2 Re8 27. Bxd5 Nf8 28. Bb3
Rad8 29. Ne2 Rd7 30. Ke3 Red8 31. Rd1 e5 32. fxe5 Bxe5 33. f4 Bh8 34. Rad2 Ke8
35. d5 Re7+ 36. Kf3 1-0

[Event "XXIV Corsicoscacchi Magistrale"]
[Site "Corsico ITA"]
[Date "2002.04.??"]
[Round "5"]
[White "Kidane, Robel"]
[Black "Rossi, Giampiero"]
[Result "1-0"]
[WhiteElo "1758"]
[BlackElo "2065"]
[PlyCount "27"]
[EventDate "2002.04.25"]

1. d4 d5 2. c4 e6 3. Nc3 Nf6 4. Nf3 Nbd7 5. Bg5 c6 6. e3 Qa5 7. cxd5 Nxd5 8.
Qb3 Bb4 9. Rc1 e5 10. e4 Nxc3 11. bxc3 Ba3 12. Rd1 exd4 13. Rxd4 Nc5 14. Qxa3
1-0

[Event "XXIV Corsicoscacchi Magistrale"]
[Site "Corsico ITA"]
[Date "2002.04.??"]
[Round "5"]
[White "Radice, Luca"]
[Black "Bonazzi, Edoardo"]
[Result "1/2-1/2"]
[WhiteElo "2054"]
[BlackElo "2127"]
[PlyCount "83"]
[EventDate "2002.04.25"]

1. d4 Nf6 2. c4 c5 3. d5 b5 4. Qc2 bxc4 5. e4 d6 6. Bxc4 g6 7. Nc3 Bg7 8. h3
O-O 9. Nf3 Ba6 10. Bxa6 Nxa6 11. O-O Nd7 12. Bf4 Qa5 13. Rfe1 Rab8 14. e5 Qb4
15. Ne4 Nxe5 16. Bxe5 dxe5 17. Re2 h6 18. Nc3 e4 19. Nxe4 Qxb2 20. Rc1 Qb5 21.
d6 exd6 22. Nxd6 Qc6 23. Nc4 Nb4 24. Qb3 Nd5 25. Qa3 Qc7 26. Rec2 Rfc8 27. Ne3
Nxe3 28. Qxe3 Bf8 29. Nd2 Qe7 30. Qf3 Qb7 31. Qf4 Qc7 32. Qf3 Qc6 33. Qf4 Qe6
34. Qa4 a6 35. Nc4 Be7 36. Qa5 Rb5 37. Qc3 Bf6 38. Qg3 Rb4 39. a3 Rb7 40. Qd6
Rc6 41. Qxe6 Rxe6 42. Na5 1/2-1/2